000 00724cam a2200277 4500
001 J63027
008 000000n2000 000 0 eng u
035 _a(Sirsi) u109852
050 _a346.4104346
110 _aBritish Property Federation
_91604
245 _aBPF/IPD Annual lease Review 2000
260 _aLondon
_bBritish Property Federation
_c2000
300 _a38p.
_c23cm.
650 _aLEASES
650 _aLEASE LENGTH
650 _aLEASE MARKET
650 _aSTATISTICS
650 _aRENTS
650 _aOFFICES
650 _aRETAIL
650 _aINDUSTRIAL
650 _aCOMMERCIAL LEASES
690 _aLANDLORD AND TENANT-LEASES
710 _aInvestment Property Databank
_92288
942 _n0
999 _c101014
_d101014